Datum a čas kvízu

30 Celkem bodů Celkový počet nahraných bodů na tomto kvízu bez doplňovacích otázek.
3. Pořadí na kvízu Konečné umístění týmu na tomto kvízu.

Zaznamenané odpovědi

# Otázka Odpověď Body Výsledky
1. V mnohých domácnostech na Chom... Zásilkovna 0
2. Který člen britské královské r... princ George, 11. narozeniny 0.5
3. Jubilejní 50. ročník tradičníh... Letní filmová škola 1
4. Původně česká franšízová kavár... Trdlokafe 0
5. Který český prvoligový fotbalo... Teplice, Kabát 1
6. Napište italský název tohoto t... radiatori 0
7. V souvislosti s rýží a jejím v... arsen 1
8. Nyní se zaměříme naopak na lát... pohanka 1
9. Zobrazený tenký měkký chléb je... lavaš 0
10. Pod kterým jednoslovným názvem... amarant 0